00655nam a2200181 a 450000100100000000500170001000800410002704000250006808200150009310000480010824500470015626000410020330000280024450000620027204900090033495201130034399900170045600002511820200930023556.0110210s1996 dr a 000 0 spa d aDO-SdBNPbspacBNPHU axxxbV161s1 aValenzuela Concepción, Luisd1951-95150910aSatanismo /cLuis Valenzuela Concepción. aSanto Domingo :bJR. Editora,c1996. a117 p. :bil. ;c15 cm. aIncluye datos biográficos del autor en la contraportada aBNPD 0010718PDaPDbPDcCTd2011-02-10iLF1l0oxxx V161sp25118-10r2020-06-25w2020-06-25yLFPDZNo se presta c24611d24611